Le 11 type de la CDM 2014 selon Foot Mercato - Statistiques

Statistiques générales
  • Ce quiz a été pris 770 fois
  • Le résultat moyen est 7 sur 11
Statistiques - réponses
Nationalité : Poste : Joueur : % Correct
Costa Rica G Navas
96%
Brésil AG Neymar. JR
95%
Colombie MOC Rodriguez
86%
Pays-Bas AD Robben
85%
Allemagne BU Müller
81%
Allemagne DD Lahm
76%
Allemagne DC Hummels
73%
Allemagne MC Kroos
71%
Argentine MC Mascherano
56%
Argentine DC Garay
9%
Colombie DG Armero
3%
Aucun quiz correspondant
Distribution des résultats
% des personnes avec chaque résultat
Percentile par nombre de réponses
Votre historique - résultats
Vous n’avez pas pris ce quiz